• 首页
  • 本馆介绍
  • 公告通知
  • 最新文献
  • 馆藏检索
  • 电子资源
  • 读者导购
  • 参考咨询
  • 我的图书馆
  • 登录
  • 详细信息显示
  • 放入我的书架
  • 预约/预借图书
  • 作者相关作品
  • 分类相关作品
  • 丛书相关作品
  • 出版社相关作品

书目信息

  • 表格格式
  • 工作单格式
  • 卡片格式
题名:
基督徒的激情
    
 
作者: 克尔凯郭尔 著 ;鲁路 译
分册:  
出版信息: 北京   中央编译出版社  2007
页数: 208页
开本: 23cm
丛书名: 诗与思文丛
单 册:
中图分类: B534 , B972
科图分类:
主题词: 哲学理论--丹麦--近代 , 神学--研究 , 哲学理论 , 神学
电子资源:
ISBN: 978-7-80109-017-1
000 01223oam2 2200361 450
001 1163476905
005 20111003173901.00
010    @a978-7-80109-017-1@dCNY18.00
100    @a20070608d2007 em y0chiy50 ea
101 1  @achi@cger
102    @aCN@b110000
105    @aa z 000yy
200 1  @a基督徒的激情@9ji du tu de ji qing@f(丹)克尔凯郭尔(Soren kierkegaard)著@g鲁路译
205    @a2版
210    @a北京@c中央编译出版社@d2007
215    @a208页@c图@d23cm
225 2  @a诗与思文丛
300    @a据德国Reclam出版社1953年版译出
312    @a封面英文题名:Christian's enthusiasm;德文原名:Die Leidenschaft des Religi?sen
330    @a本书内容包括:与上帝的交往、关于基督教的普遍见解、基督教的严厉、爱、受难与垂死、基督教的内心化与宁静等。
461  0 @12001 @a诗与思文丛
510 1  @aChristian's enthusiasm@zeng
510 1  @aLeidenschaft des Religi?sen@zger
606 0  @a哲学理论@y丹麦@z近代
606 0  @a神学@x研究
606 0  @a哲学理论
606 0  @a神学
690    @aB534@v4
690    @aB972@v4
701  0 @c(丹)@a克尔凯郭尔@9ke er kai guo er@c(Kierkegaard, S?ren@f1813~1855)@4著
702  0 @a鲁路@9lu lu@c(戏剧)@4译
801  0 @aCN@b91MARC@c20101222
905    @a10447@dB534@eJY93
    
    基督徒的激情/(丹)克尔凯郭尔(Soren kierkegaard)著/鲁路译.-2版.-北京:中央编译出版社,2007
    208页:图;23cm.-(诗与思文丛)
    据德国Reclam出版社1953年版译出
    
    ISBN 978-7-80109-017-1:CNY18.00
    本书内容包括:与上帝的交往、关于基督教的普遍见解、基督教的严厉、爱、受难与垂死、基督教的内心化与宁静等。
●
相关链接 在E读中查询图书 在五车中查询图书 在当当中查询图书 在豆瓣中查询图书


正题名:基督徒的激情     索取号:B534/JY93         预约/预借

序号 登录号 条形码 馆藏地/架位号 状态 备注
1 7824967   278249673   学院路分馆/ [索取号:B534/JY93] 在馆    
2 7824968   278249682   学院路分馆/ [索取号:B534/JY93] 在馆    
唐山师范学院图书馆 欢迎您!
大连网信软件有限公司© 版权所有